000 01011nam a2200289Ia 4500
005 20220317001108.0
008 160825s2007 ag g 000 0 spa
020 _a97895054711012
100 1 _aTolkien, John Ronald Revel
_d1892-1973
245 1 3 _aEl señor de los anillos, 1
_b la comunidad del anillo
_cJ.R.R Tolkien ; traducción de Luis Doménech
250 _a29a. edición
300 _a527 páginas
_c24 cm
650 1 4 _2LEMB
_aNovela inglesa
_ySiglo XX
650 1 4 _2LEMB
_aLiteratura inglesa
_ySiglo XX
650 1 4 _2LEMB
_aHistorias de aventuras
650 1 4 _2LEMB
_aBien y mal en la literatura
650 1 4 _2LEMB
_aAmistad en la literatura
650 1 4 _2LEMB
_aReyes y soberanos en la literatura
700 1 _aDoménech, Luis
_965791
942 _2loc
_cBKLIT
264 _aBuenos Aires
_bMinotauro
_c2007
336 _atexto
_btxt
_2rdacontent
337 _asin mediación
_bn
_2rdamedia
338 _avolumen
_bnc
_2rdacarrier
040 _aCO-BoRNBP
_bspa
_erda
_cCO-BoRNBP
084 _aN TOL3
999 _c5914
_d5914